Detalles MARC
| 000 -LEADER |
| campo de control de longitud fija |
02845cam a22004574i 4500 |
| 003 - IDENTIFICADOR DE NÚMERO DE CONTROL |
| campo de control |
PE-LiUPU |
| 005 - FECHA Y HORA DE LA ÚLTIMA TRANSACCIÓN |
| campo de control |
20250731172903.0 |
| 008 - DATOS DE LONGITUD FIJA--INFORMACIÓN GENERAL |
| campo de control de longitud fija |
150706s r 000 0 d |
| 020 ## - NÚMERO INTERNACIONAL ESTÁNDAR DEL LIBRO |
| Número Internacional Estándar del Libro |
3161502353 |
| 020 ## - NÚMERO INTERNACIONAL ESTÁNDAR DEL LIBRO |
| Número Internacional Estándar del Libro |
9783161502354 |
| 035 ## - NÚMERO DE CONTROL DEL SISTEMA |
| Número de control de sistema |
(Sirsi) a166094 |
| 040 ## - FUENTE DE CATALOGACIÓN |
| Centro catalogador/agencia de origen |
PE-LiUPU |
| Lengua de catalogación |
spa |
| Centro/agencia transcriptor |
PE-LiUPU |
| Normas de descripción |
rda |
| 049 ## - FONDOS LOCALES (OCLC) |
| Biblioteca depositaria |
PRUA |
| 082 04 - NÚMERO DE LA CLASIFICACIÓN DECIMAL DEWEY |
| Número de clasificación |
233.11 |
| Cutter |
C5 |
| Número de edición |
23 |
| 245 04 - MENCIÓN DEL TÍTULO |
| Título |
Children in late ancient Christianity / |
| Mención de responsabilidad, etc. |
edited by Cornelia B. Horn and Robert R. Phenix. |
| 264 #1 - PRODUCCIÓN, PUBLICACIÓN, DISTRIBUCIÓN, FABRICACIÓN Y COPYRIGHT |
| Producción, publicación, distribución, fabricación y copyright |
Tübingen : |
| Nombre del de productor, editor, distribuidor, fabricante |
Mohr Siebeck, |
| Fecha de producción, publicación, distribución, fabricación o copyright |
2009. |
| 300 ## - DESCRIPCIÓN FÍSICA |
| Extensión |
XXVI, 497 páginas ; |
| Dimensiones |
24 centímetros. |
| 336 ## - TIPO DE CONTENIDO |
| Término de tipo de contenido |
text |
| Fuente |
rdacontent |
| 337 ## - TIPO DE MEDIO |
| Nombre/término del tipo de medio |
unmediated |
| Fuente |
rdamedia |
| 338 ## - TIPO DE SOPORTE |
| Nombre/término del tipo de soporte |
volume |
| Fuente |
rdacarrier |
| 505 0# - NOTA DE CONTENIDO CON FORMATO |
| Nota de contenido con formato |
Uncovering children's culture in late antiquity : the testimony of the Infancy gospel of Thomas / |
| Mención de responsabilidad |
Reidar Aasgaard -- "Social viewing" of children in the childhood stories of Jesus / |
| -- |
Tony Burke -- Baptized infants and pagan rituals : Cyprian versus Augustine / |
| -- |
Inta Ivanovska -- Mother-child bonding in the Greek and Latin Fathers of the Church / |
| -- |
Carole Monica C. Burnett -- Children in fourth-century Greek epistolography : Cappadocian perspectives from the pens of Gregory Nazianzen and Basil of Caesarea / |
| -- |
Cornelia B. Horn -- Sick children and healing saints : medical treatment of the child in Christian antiquity / |
| -- |
Susan R. Holman -- Approaches to the study of sick children and their healing : Christian apocryphal acts, gospels, and cognate literatures / |
| -- |
Cornelia B. Horn -- The deformed child in ancient Christianity / |
| -- |
Nicole Kelley -- "Do not sexually abuse children" : the language of early Christian sexual ethics / |
| -- |
John W. Martens -- Choosing asceticism : children and parents, vows and conflicts / |
| -- |
Ville Vuolanto -- Raising martyrs and ascetics : a diachronic comparison of educational role-models for early Christian children / |
| -- |
Cornelia B. Horn -- Children and Egyptian monasticism / |
| -- |
Carrie Schroeder -- Papyrological perspectives on orphans in the world of late ancient Christianity / |
| -- |
Chrysi Kotsifou -- The contribution of social science research to the study of children and childhood in pre-modern Ethiopia / |
| -- |
Robert Phenix. |
| 526 ## - NOTA DE INFORMACIÓN SOBRE EL PROGRAMA DE ESTUDIO |
| Nombre del programa |
Segunda Especialidad En Profecías Bíblicas |
| 526 ## - NOTA DE INFORMACIÓN SOBRE EL PROGRAMA DE ESTUDIO |
| Nombre del programa |
Segunda Especialidad En Nuevo Testamento |
| 526 ## - NOTA DE INFORMACIÓN SOBRE EL PROGRAMA DE ESTUDIO |
| Nombre del programa |
Segunda Especialidad En Antiguo Testamento |
| 526 ## - NOTA DE INFORMACIÓN SOBRE EL PROGRAMA DE ESTUDIO |
| Nombre del programa |
Segunda Especialidad En Estudios Adventistas |
| 526 ## - NOTA DE INFORMACIÓN SOBRE EL PROGRAMA DE ESTUDIO |
| Nombre del programa |
Doctorado en teología |
| 526 ## - NOTA DE INFORMACIÓN SOBRE EL PROGRAMA DE ESTUDIO |
| Nombre del programa |
Maestría en teología histórica |
| 526 ## - NOTA DE INFORMACIÓN SOBRE EL PROGRAMA DE ESTUDIO |
| Nombre del programa |
Maestría en teología bíblica |
| 526 ## - NOTA DE INFORMACIÓN SOBRE EL PROGRAMA DE ESTUDIO |
| Nombre del programa |
Maestría en teología |
| 526 ## - NOTA DE INFORMACIÓN SOBRE EL PROGRAMA DE ESTUDIO |
| Nombre del programa |
Maestría en misionología |
| 526 ## - NOTA DE INFORMACIÓN SOBRE EL PROGRAMA DE ESTUDIO |
| Nombre del programa |
Maestría en liderazgo eclesiástico |
| 526 ## - NOTA DE INFORMACIÓN SOBRE EL PROGRAMA DE ESTUDIO |
| Nombre del programa |
Teología |
| 596 ## - |
| -- |
1 |
| 650 04 - PUNTO DE ACCESO ADICIONAL DE MATERIA--TÉRMINO DE MATERIA |
| Término de materia o nombre geográfico como elemento de entrada |
Niños |
| Subdivisión general |
Aspectos religiosos |
| -- |
Cristianismo. |
| 700 1# - ENTRADA AGREGADA--NOMBRE PERSONAL |
| Nombre de persona |
Horn, Cornelia B., |
| Término indicativo de función/relación |
editor |
| 700 1# - ENTRADA AGREGADA--NOMBRE PERSONAL |
| Nombre de persona |
Phenix, Robert R., |
| Término indicativo de función/relación |
editor. |
| 942 ## - ELEMENTOS DE ENTRADA SECUNDARIOS (KOHA) |
| Fuente del sistema de clasificación o colocación |
Clasificación Decimal Dewey |
| Tipo de ítem Koha |
|
| 994 ## - |
| -- |
C0 |
| -- |
PEPRU |
| 999 ## - NÚMEROS DE CONTROL DE SISTEMA (KOHA) |
| -- |
LC |
| -- |
75228 |
| -- |
2021-11-10 |
| -- |
5 |
| -- |
CCODEBUL1 |
| -- |
BUL |
| -- |
1 |
| -- |
0 |
| -- |
Y |
| -- |
BOOK |
| -- |
2017-1-16 |
| -- |
TEOLOGIA |
| -- |
P85 |
| -- |
COMPRA |
| -- |
.STAFF. Colección Teología |
| 980 ## - EQUIVALENCIA O REFERENCIA-CRUZADA-MENCIÓN DE SERIE--NOMBRE DE PERSONA/TÍTULO [LOCAL, CANADÁ] |
| ID del último usuario que modificó el registro |
1 |
| Nombre del último usuario que modificó el registro |
ALBERTO SANCHEZ Responsable de Automatización |